Náboženstvo na streche sveta

Podrobná bibliografia
Hlavný autor: Ondomišiová, Zuzana, 1962- (Autor)
Médium: Článok
Jazyk:slovenčina
Fyzický popis:Fotogr.
ISSN:1335-2660
Predmet:

MARC

LEADER 00000nab a2200000 ar4500
001 vtls009525853
003 SK-MaSNL
005 20260304151648.0
008 250506c2006 xo qr|p|||||||000 b|slo
015 |a SNBRB2009/06  |2 snkbucl 
035 |a (uuid)3783a2f1-c1a7-4c3a-92ca-9cc7018021fe 
035 |a urn:nbn:sk:snk-abc4uz 
035 |a (urnnbn)urn:nbn:sk:snk:ar-00091q 
038 |a SNKBUCL 
040 |a SNKBUCL  |b slo  |c SNKBUCL  |e AACR2 
041 0 |a slo 
044 |a xo  |c SK 
080 |a 243.4  |2 1997 
100 1 |a Ondomišiová, Zuzana,  |d 1962-  |4 aut  |9 1473184 
245 1 0 |a Náboženstvo na streche sveta  |c Zuzana Ondomišiová 
300 |b Fotogr. 
650 0 7 |a tibetskí mnísi  |2 snkbucl  |9 1473185 
650 0 7 |a budhizmus  |2 snkbucl  |9 1819 
773 0 |t Rozmer  |g Roč. IX, č. 1 (2006), s. 22-26  |x 1335-2660 
850 |a Slovenská národná knižnica 
852 |a Slovenská národná knižnica 
954 |a odborná, vedecká literatúra cudzojazyčná (svetová)  |2 lita 
958 |a article15 
958 |a OND 
958 |a EUIPO 
999 |c 2945105  |d 2947035